Albums by Decade - Tile Select #2 - Statistics

General Stats
  • This quiz has been taken 23 times
  • The average score is 119 of 150
Answer Stats
Question Tile Select % Correct
the 1960s No
95%
the 1960s No
95%
the 1960s No
95%
the 1960s No
95%
the 1960s No
95%
the 1960s No
95%
the 1960s No
95%
the 1960s No
95%
the 1960s No
95%
the 1960s No
95%
the 1960s No
95%
the 1960s No
95%
the 1960s No
95%
the 1960s No
95%
the 1960s No
90%
the 1960s No
90%
the 1960s No
90%
the 2000s No
90%
the 2000s No
90%
the 2000s No
90%
the 2000s No
90%
the 2000s No
90%
the 2000s No
90%
the 1960s Yes
86%
the 1960s No
86%
the 1970s No
86%
the 1970s No
86%
the 1970s No
86%
the 1970s No
86%
the 1970s No
86%
the 1970s No
86%
the 1970s No
86%
the 1970s No
86%
the 1970s No
86%
the 1970s No
86%
the 1970s No
86%
the 1970s No
86%
the 1980s No
86%
the 1980s No
86%
the 1980s No
86%
the 1980s No
86%
the 1980s No
86%
the 1980s No
86%
the 1980s No
86%
the 1980s No
86%
the 1980s No
86%
the 1980s No
86%
the 1980s No
86%
the 1980s No
86%
the 1980s No
86%
the 1980s No
86%
the 1980s No
86%
the 1990s No
86%
the 1990s No
86%
the 1990s No
86%
the 1990s No
86%
the 1990s No
86%
the 1990s No
86%
the 1990s No
86%
the 1990s No
86%
the 1990s No
86%
the 1990s No
86%
the 2000s No
86%
the 2000s No
86%
the 2000s No
86%
the 2000s No
86%
the 2000s No
86%
the 2000s No
86%
the 2000s No
86%
the 2000s No
86%
the 2000s No
86%
the 2010s No
86%
the 2010s No
86%
the 2010s No
86%
the 2010s No
86%
the 2010s No
86%
the 2010s No
86%
the 2010s No
86%
the 2010s No
86%
the 2010s No
86%
the 2010s No
86%
the 2010s No
86%
the 2010s No
86%
the 2010s No
86%
the 1960s No
81%
the 1970s No
81%
the 1970s No
81%
the 1980s No
81%
the 1980s No
81%
the 1980s No
81%
the 1980s No
81%
the 1980s Yes
81%
the 1990s No
81%
the 1990s No
81%
the 1990s No
81%
the 1990s No
81%
the 1990s No
81%
the 2000s No
81%
the 2000s No
81%
the 2010s No
81%
the 2010s No
81%
the 2010s No
81%
the 1960s Yes
76%
the 1970s No
76%
the 1970s No
76%
the 1970s No
76%
the 1970s Yes
76%
the 1980s No
76%
the 1980s Yes
76%
the 1990s No
76%
the 1990s No
76%
the 2000s No
76%
the 2000s No
76%
the 2010s No
76%
the 2010s No
76%
the 2010s No
76%
the 1980s No
71%
the 1990s No
71%
the 1990s No
71%
the 2000s No
71%
the 2000s Yes
71%
the 2010s Yes
71%
the 1960s No
67%
the 1970s No
67%
the 1980s Yes
67%
the 1990s No
67%
the 1990s Yes
67%
the 1990s No
67%
the 2000s Yes
67%
the 2000s Yes
67%
the 2010s Yes
67%
the 2010s No
67%
the 1960s Yes
62%
the 1970s No
62%
the 1970s Yes
62%
the 1980s Yes
62%
the 1990s Yes
62%
the 2010s No
62%
the 2000s No
57%
the 2010s Yes
57%
the 1970s Yes
52%
the 1990s Yes
52%
the 2010s Yes
52%
the 1960s No
48%
the 2000s Yes
48%
the 1960s Yes
43%
the 1970s Yes
43%
the 1970s No
43%
the 1970s Yes
38%
the 1990s Yes
19%
No matching quizzes found
Score Distribution
Percent of People with Each Score
Percentile by Number Answered
Your Score History
You have not taken this quiz